| 000 | 01263cam a22003853a 4500 | ||
|---|---|---|---|
| 001 | 12631403 | ||
| 003 | OSt | ||
| 005 | 20140317091518.0 | ||
| 008 | 991019s1999 nyua 000 0 eng d | ||
| 010 | _a 2001546169 | ||
| 020 | _a0439043980 | ||
| 035 | _a(OCoLC)ocm42661709 | ||
| 040 |
_aZAB _cZAB _dSLC _dDLC |
||
| 042 | _alccopycat | ||
| 050 | 0 | 0 |
_aPZ 7 _b.D121Ni 1999 |
| 100 | 1 |
_aDadey, Debbie. _94137 |
|
| 245 | 1 | 0 |
_aNinjas don't bake pumpkin pies / _cDebbie Dadey and Marcia Thornton Jones. |
| 246 | 3 | _aNinjas do not bake pumpkin pies | |
| 260 |
_aNew York : _bScholastic, _c1999. |
||
| 300 |
_a70 p. : _bill. ; _c19 cm. |
||
| 490 | 1 |
_aThe adventures of the Bailey School kids ; _v#38 |
|
| 500 | _a"A Little Apple paperback." | ||
| 521 | _aG4 | ||
| 526 | _c690 | ||
| 562 | _e1 | ||
| 650 | 0 |
_aPumpkin _vJuvenile fiction. _926432 |
|
| 650 | 0 |
_aBailey School Kids (Fictitious characters) _vJuvenile fiction. _926433 |
|
| 700 | 1 |
_aJones, Marcia Thornton. _94140 |
|
| 700 | 1 |
_aGurney, John Steven, _d1962- _eill. _926434 |
|
| 800 | 1 |
_aDadey, Debbie. _tAdventures of the Bailey School kids ; _v#38. _926435 |
|
| 906 |
_a7 _bcbc _ccopycat _d2 _encip _f20 _gy-genrareb |
||
| 942 |
_2lcc _cBK |
||
| 999 |
_c47459 _d47459 |
||